Toutes les communes des Hauts-de-Seine (Extrême) - Statistiques

Statistiques générales
  • Ce quiz a été pris 68 fois
  • Le résultat moyen est 27 sur 36
Statistiques - réponses
Département Communes % Correct
Boulogne-Billancourt
97%
Nanterre
97%
Hauts-de-Seine Antony
91%
Puteau
91%
Neuilly-sur-Seine
89%
Levallois-Perret
86%
Asnières-sur-Seine
84%
Colombes
84%
Gennevilliers
83%
Bois-Colombes
81%
Clamart
81%
Courbevoie
81%
Montrouge
81%
Issy-les-Moulineaux
80%
Meudon
80%
Clichy
78%
Malakoff
78%
Rueil-Malmaison
78%
Vanves
78%
Sèvres
77%
Saint-Cloud
75%
Suresnes
75%
Châtillon
73%
Bagneux
70%
La Garenne-Colombes
70%
Le Plessis-Robinson
66%
Châtenay-Malabry
64%
Chaville
64%
Garches
64%
Sceaux
64%
Vaucresson
64%
Villeneuve-la-Garenne
64%
Bourg-la-Reine
63%
Marnes-la-Coquette
63%
Ville-d'Avray
63%
Fontenay-aux-Roses
55%
Aucun quiz correspondant
Distribution des résultats
% des personnes avec chaque résultat
Percentile par nombre de réponses
Votre historique - résultats
Vous n’avez pas pris ce quiz